Lexikon der Biologie in acht Bänden Allgemeine Biologie. Pflanzen. Tiere Bd . 6, Min-Prad

Na minha lista:
Detalhes bibliográficos
Outros Autores: Bogenrieder, Arno (Fachb.)
Formato: Livro
Idioma:alemão
Publicado em: Freiburg Herder 1984
Acesso em linha:View in OPAC
Tags: Adicionar Tag
Sem tags, seja o primeiro a adicionar uma tag!

MARC

LEADER 00000nam a2200000 a 4500
005 20260127134302.0
008 090312 1986 gw 000 0 ger d
020 |a 3451196468 
035 |a vtls009482728 
039 9 |y 200903121101  |z mschk03 
040 |a STUSCHK1  |b slo  |c STUSCHK1  |e AACR2 
080 |a 030.8:57 
080 |a 57:030.8 
245 1 |a Lexikon der Biologie in acht Bänden  |b Allgemeine Biologie. Pflanzen. Tiere  |n Bd . 6, Min-Prad  |c Fachbereiter Arno Bogenrieder, [et. al.] 
260 |a Freiburg  |b Herder  |c 1984 
300 |a 476 s.  |b il.  |c 24,5 cm 
700 1 |a Bogenrieder, Arno  |4 Fachb. 
910 |a SCHK95 
919 |a 3-451-19646-8 
999 |c 8779  |d 8779